000 00458nam a22001577u 4500
008 130405s1991 xxu||||| |||| 00| 0 spa d
020 _a2227355239
041 _aspa
100 1 _aCharentenay, Pierre de
_916983
245 0 0 _aLe développement de l´homme et des peuples
_b:Une tâche pour la foi
_cPierre de Charentenay
260 _aParís:
_bCenturion,
_c1991
300 _a156 p.
_c;22 cm.
650 0 4 _aSociología
_915857
942 _cBK
001 98300
999 _c258823
_d258823